[Event "chess.com SpeedChess Q1Sw"]
[Site "chess.com INT"]
[Date "2022.11.10"]
[Round "7"]
[White "Le, Tuan Minh"]
[Black "Martinez Alcantara, Jose Eduardo"]
[Result "1-0"]
[WhiteTitle "IM"]
[BlackTitle "GM"]
[WhiteElo "2542"]
[BlackElo "2597"]
[WhiteFideId "12401153"]
[BlackFideId "3805662"]
[EventDate "2022.11.10"]

1. d4 Nf6 2. Nf3 e6 3. Bf4 b6 4. e3 Bb7 5. Bd3 Be7 6. O-O O-O 7. Qe2 c5 8. c3 d5
9. Nbd2 Nc6 10. Ne5 Nxe5 11. Bxe5 Nd7 12. Bg3 Nf6 13. Rfd1 h6 14. Rac1 Rc8 15.
Nf3 Ne4 16. Bf4 Nf6 17. Ne5 Nd7 18. Qg4 Nxe5 19. Bxe5 Bf6 20. f4 Kh8 21. Rf1 Qe7
22. Rf3 Rce8 23. Rcf1 Bc8 24. Rg3 g6 25. Qh4 Kg7 26. Qh5 cxd4 27. Bxg6 Bxe5 28.
Bd3+ Qg5 29. Rxg5+ hxg5 30. Qxg5+ Kh8 31. Qh6+ 1-0

[Event "chess.com SpeedChess Q1Sw"]
[Site "chess.com INT"]
[Date "2022.11.10"]
[Round "7"]
[White "Zhigalko, Sergei"]
[Black "Tsydypov, Zhamsaran"]
[Result "0-1"]
[WhiteTitle "GM"]
[BlackTitle "GM"]
[WhiteElo "2572"]
[BlackElo "2534"]
[WhiteFideId "13502956"]
[BlackFideId "4108566"]
[EventDate "2022.11.10"]

1. e4 c6 2. d4 d5 3. e5 Bf5 4. Nf3 e6 5. Be2 Nd7 6. O-O h6 7. Nbd2 Ne7 8. a4 g5
9. a5 Bg7 10. c4 O-O 11. Re1 Ng6 12. cxd5 g4 13. d6 gxf3 14. Nxf3 c5 15. dxc5
Nxc5 16. Ra3 Nd7 17. Bd3 Bxd3 18. Qxd3 Ndxe5 19. Nxe5 Nxe5 20. Qg3 Ng6 21. Rd1
Rc8 22. Be3 Bxb2 23. Rb3 Be5 24. Qf3 Bxd6 25. Rxb7 Qxa5 26. Rxa7 Qc3 27. g3 Bc5
28. Rb7 Bxe3 29. fxe3 Qc6 30. Qxc6 Rxc6 31. Kg2 Rc3 32. Re1 Rd8 33. Rb2 Ne5 34.
Ree2 Nc4 0-1

[Event "chess.com SpeedChess Q1Sw"]
[Site "chess.com INT"]
[Date "2022.11.10"]
[Round "7"]
[White "Sevian, Samuel"]
[Black "Harshavardhan, G B"]
[Result "1-0"]
[WhiteTitle "GM"]
[BlackTitle "IM"]
[WhiteElo "2687"]
[BlackElo "2426"]
[WhiteFideId "2040506"]
[BlackFideId "25059009"]
[EventDate "2022.11.10"]

1. d4 Nf6 2. c4 e6 3. Nf3 d5 4. g3 dxc4 5. Bg2 c5 6. O-O Nc6 7. dxc5 Qxd1 8.
Rxd1 Bxc5 9. Nfd2 Ne5 10. Na3 c3 11. bxc3 O-O 12. Rb1 Rb8 13. Ndc4 Nxc4 14. Nxc4
Bd7 15. Bf4 Rbd8 16. Rxb7 Ba4 17. Rxd8 Rxd8 18. Bf3 h6 19. h4 Nd5 20. Bd2 Nb6
21. Be3 Bxe3 22. Nxe3 Rc8 23. Rxa7 Rxc3 24. Ra6 Rc1+ 25. Kg2 Rb1 26. Nc4 Nxc4
27. Ra8+ Kh7 28. Rxa4 Nd2 29. Bc6 Rb2 30. Ra7 f6 31. h5 Kg8 32. Be8 Kf8 33. Bg6
Rb8 34. Rf7+ Kg8 35. Re7 e5 36. Rd7 Nb1 37. a4 Nc3 38. a5 Nb5 39. a6 Ra8 40. Bd3
Nd4 41. a7 Kf8 42. Be4 1-0

[Event "chess.com SpeedChess Q1Sw"]
[Site "chess.com INT"]
[Date "2022.11.10"]
[Round "7"]
[White "Aditya, Mittal"]
[Black "Firat, Burak"]
[Result "1-0"]
[WhiteTitle "IM"]
[BlackTitle "GM"]
[WhiteElo "2486"]
[BlackElo "2460"]
[WhiteFideId "35042025"]
[BlackFideId "6305881"]
[EventDate "2022.11.10"]

1. d4 Nf6 2. c4 e6 3. Nf3 b6 4. g3 Ba6 5. Qc2 c5 6. d5 exd5 7. cxd5 Bb7 8. Bg2
Nxd5 9. O-O Be7 10. Rd1 O-O 11. Qe4 f5 12. Qc4 b5 13. Qxb5 Nb6 14. Nc3 d5 15.
Bf4 N8d7 16. Ne5 Nxe5 17. Bxe5 Bd6 18. Nxd5 Bxe5 19. Nxb6 Qxb6 20. Qxb6 axb6 21.
Bxb7 Rad8 22. Bd5+ Kh8 23. Rab1 Rd6 24. Bc4 Rxd1+ 25. Rxd1 Ra8 26. b3 h5 27. a4
g6 28. Rd7 f4 29. Bf7 fxg3 30. hxg3 h4 31. gxh4 Bf6 32. Bxg6 1-0

[Event "chess.com SpeedChess Q1Sw"]
[Site "chess.com INT"]
[Date "2022.11.10"]
[Round "7"]
[White "Sarana, Alexey"]
[Black "Fedoseev, Vladimir3"]
[Result "1-0"]
[WhiteTitle "GM"]
[BlackTitle "GM"]
[WhiteElo "2668"]
[BlackElo "2688"]
[WhiteFideId "24133795"]
[BlackFideId "24130737"]
[EventDate "2022.11.10"]

1. c4 e5 2. Nc3 Bb4 3. Nd5 Be7 4. d4 exd4 5. Qxd4 Nf6 6. Nxe7 Qxe7 7. Bg5 Nc6 8.
Qc3 d6 9. Nf3 Rg8 10. e3 Bg4 11. Nd4 Ne5 12. f3 Bd7 13. Be2 h6 14. Bh4 g5 15.
Bg3 Nh5 16. Bf2 g4 17. O-O-O gxf3 18. gxf3 Rg2 19. Rhg1 Rxg1 20. Rxg1 Nf6 21. e4
Ng6 22. Qe3 Nh5 23. Nf5 Qf6 24. Qxh6 Nhf4 25. Qxf4 O-O-O 26. Qg5 Qe5 27. Bg3 Qc5
28. Qe3 Qa5 29. Qc3 Qxa2 30. Qa3 Qxa3 31. bxa3 Rh8 32. Kd2 b6 33. Bd3 Be6 34. h4
Kd7 35. Rh1 f6 36. h5 Nf8 37. h6 Nh7 38. Bf4 Rg8 39. Ke3 Bxf5 40. exf5 Ke7 41.
Kf2 1-0

[Event "chess.com SpeedChess Q1Sw"]
[Site "chess.com INT"]
[Date "2022.11.10"]
[Round "7"]
[White "Pichot, Alan"]
[Black "Ter-Sahakyan, Samvel"]
[Result "1-0"]
[WhiteTitle "GM"]
[BlackTitle "GM"]
[WhiteElo "2637"]
[BlackElo "2605"]
[WhiteFideId "110973"]
[BlackFideId "13302531"]
[EventDate "2022.11.10"]

1. e4 c6 2. d4 d5 3. e5 Bf5 4. h4 h5 5. Bd3 Bxd3 6. Qxd3 Qa5+ 7. b4 Qa6 8. Qf3
e6 9. c3 Qb6 10. Ne2 a5 11. bxa5 Qxa5 12. a4 Ne7 13. Ng3 g6 14. O-O Nd7 15. Nd2
Qc7 16. Nb3 c5 17. Bg5 c4 18. Nd2 Nc6 19. Rfb1 Ra5 20. Ngf1 Be7 21. Ne3 Bxg5 22.
hxg5 Ke7 23. Rb5 Rha8 24. Rab1 b6 25. g3 Ke8 26. Kg2 Rxa4 27. g4 hxg4 28. Qxg4
Ra1 29. Qh4 Rxb1 30. Rxb1 Ke7 31. Ng4 Qd8 32. Nf6 Nxf6 33. gxf6+ Kd7 34. Nf3 Kc7
35. Ng5 Qd7 36. Qh7 Nd8 37. Qg8 Ra3 38. Qf8 Rxc3 39. Ra1 Kb8 40. Qe7 1-0

[Event "chess.com SpeedChess Q1Sw"]
[Site "chess.com INT"]
[Date "2022.11.10"]
[Round "7"]
[White "Bordi, Kevin"]
[Black "Mitrabha, Guha"]
[Result "0-1"]
[BlackTitle "GM"]
[WhiteElo "2288"]
[BlackElo "2474"]
[WhiteFideId "621862"]
[BlackFideId "5057000"]
[EventDate "2022.11.10"]

1. e4 c6 2. c4 d5 3. cxd5 cxd5 4. exd5 Nf6 5. Nc3 Nxd5 6. Nf3 Nc6 7. Bc4 Nb6 8.
Bb3 g6 9. d4 Bg7 10. d5 Na5 11. O-O O-O 12. Bg5 h6 13. Bh4 Bg4 14. Re1 Re8 15.
h3 Bxf3 16. Qxf3 Nac4 17. Rad1 Nd6 18. Ne4 Nbc8 19. Nc5 Qa5 20. Nd3 Nf5 21. Bg3
Nxg3 22. Qxg3 Nd6 23. Ne5 Rac8 24. h4 h5 25. Qf3 Bf6 26. g3 Kg7 27. Nd3 Rc7 28.
Re2 Rec8 29. Rde1 Nf5 30. Re4 Qb6 31. Nf4 Nd4 32. Nxh5+ gxh5 33. Qxh5 Rh8 34.
Qg4+ Kf8 35. d6 Qxd6 36. Rd1 Rg8 37. Qh5 Rg6 38. Qh7 Rxg3+ 39. Kf1 Qa6+ 40. Ke1
Nf3# 0-1

[Event "chess.com SpeedChess Q1Sw"]
[Site "chess.com INT"]
[Date "2022.11.10"]
[Round "7"]
[White "Narayanan, S.L."]
[Black "Duda, Jan-Krzysztof"]
[Result "1/2-1/2"]
[WhiteTitle "GM"]
[BlackTitle "GM"]
[WhiteElo "2673"]
[BlackElo "2731"]
[WhiteFideId "5058422"]
[BlackFideId "1170546"]
[EventDate "2022.11.10"]

1. d4 Nf6 2. c4 e6 3. Nf3 d5 4. Nc3 Bb4 5. Qa4+ Nc6 6. e3 O-O 7. Bd2 dxc4 8.
Bxc4 Bd6 9. Qc2 e5 10. dxe5 Nxe5 11. Nxe5 Bxe5 12. O-O Qe7 13. f4 Bxc3 14. Bxc3
Ng4 15. Rae1 Be6 16. Bxe6 fxe6 17. h3 Nf6 18. Rd1 c5 19. Bxf6 gxf6 20. Rd3 Rad8
21. Rfd1 Rxd3 22. Qxd3 b6 23. b3 Kg7 24. e4 h6 25. g3 Rc8 26. Kg2 Rc7 27. h4 Qe8
28. Qd6 Qe7 29. Qxe7+ Rxe7 30. Rd6 Kf7 31. Kf3 Rc7 32. a4 h5 33. g4 hxg4+ 34.
Kxg4 c4 35. bxc4 Rxc4 36. Rd7+ Kf8 37. Rxa7 Rxe4 38. h5 e5 39. Kf5 Rxf4+ 40. Ke6
e4 41. h6 Kg8 42. Kd5 f5 43. Ke5 Rf1 44. Kf6 e3 45. h7+ Kh8 46. Kg6 Rg1+ 47. Kh6
Rh1+ 48. Kg6 Rg1+ 49. Kh6 Rh1+ 50. Kg6 Rg1+ 1/2-1/2

[Event "chess.com SpeedChess Q1Sw"]
[Site "chess.com INT"]
[Date "2022.11.10"]
[Round "7"]
[White "Svane, Rasmus"]
[Black "Kamsky, Gata"]
[Result "1-0"]
[WhiteTitle "GM"]
[BlackTitle "GM"]
[WhiteElo "2619"]
[BlackElo "2666"]
[WhiteFideId "4657101"]
[BlackFideId "2000024"]
[EventDate "2022.11.10"]

1. Nf3 Nf6 2. g3 d5 3. Bg2 c6 4. O-O Bf5 5. c4 e6 6. Qb3 Qb6 7. d3 Nbd7 8. cxd5
Qxb3 9. axb3 exd5 10. Bd2 Be7 11. b4 O-O 12. Nd4 Bg6 13. b5 c5 14. Nb3 a6 15.
Nc3 axb5 16. Nxd5 Nxd5 17. Bxd5 Rxa1 18. Rxa1 Nb6 19. Bxb7 c4 20. dxc4 Nxc4 21.
Bc3 Bf6 22. Bxf6 gxf6 23. Nd4 Nxb2 24. Nxb5 Nc4 25. Bd5 Ne5 26. Nd6 Rd8 27. Ra8
Rxa8 28. Bxa8 Bc2 29. Ne8 f5 30. f4 Ng4 31. Bf3 Ne3 32. Kf2 Nc4 33. Bd5 Nb6 34.
Ba2 Kf8 35. Nd6 f6 36. Be6 Ke7 37. Bxf5 Kxd6 38. Bxc2 h6 39. Kf3 Ke7 40. Kg4 Kf8
41. Kf5 Kg7 42. Bb3 Nd7 43. e4 Nc5 44. Bc4 Nb7 45. e5 fxe5 46. fxe5 Nc5 47. g4
Nd7 48. h4 Nc5 49. Bd5 Nd3 50. e6 Kf8 51. Kf6 1-0

[Event "chess.com SpeedChess Q1Sw"]
[Site "chess.com INT"]
[Date "2022.11.10"]
[Round "7"]
[White "Goltseva, Ekaterina"]
[Black "Riehle, Marco"]
[Result "1-0"]
[WhiteTitle "FM"]
[BlackTitle "FM"]
[WhiteElo "2265"]
[BlackElo "2355"]
[WhiteFideId "24173770"]
[BlackFideId "12904392"]
[EventDate "2022.11.10"]

1. d4 d5 2. c4 e6 3. Nf3 Nf6 4. Nc3 c5 5. cxd5 Nxd5 6. g3 Nc6 7. Bg2 Nxc3 8.
bxc3 cxd4 9. cxd4 Bb4+ 10. Bd2 Bxd2+ 11. Qxd2 O-O 12. O-O Bd7 13. Rfd1 Rc8 14.
Rac1 Ne7 15. e4 Qb6 16. Rb1 Qa6 17. Qb4 Ba4 18. Qxe7 Bxd1 19. Rxd1 b5 20. a3 Qa4
21. Rb1 a5 22. h4 Rfe8 23. Qd7 Rb8 24. Ne5 Rf8 25. d5 exd5 26. exd5 Qxa3 27. Nc6
Rbe8 28. Rxb5 a4 29. Ra5 Qa1+ 30. Kh2 a3 31. Qa7 h6 32. Rxa3 Qe1 33. d6 Re2 34.
Ra2 Rxa2 35. Qxa2 Qd1 36. Qd5 Qe2 37. d7 g5 38. d8=Q Rxd8 39. Qxd8+ Kh7 40. hxg5
hxg5 41. Qxg5 f6 42. Qh4+ Kg8 43. Qxf6 Qh5+ 44. Qh4 Qf7 45. Ne5 Qe6 46. Qg4+ Qg6
47. Qxg6+ Kh8 48. Nf7# 1-0

[Event "chess.com SpeedChess Q1Sw"]
[Site "chess.com INT"]
[Date "2022.11.10"]
[Round "7"]
[White "Liyanage, Ranindu Dilshan"]
[Black "Czerw, Dawid"]
[Result "1-0"]
[WhiteTitle "FM"]
[BlackTitle "FM"]
[WhiteElo "2331"]
[BlackElo "2373"]
[WhiteFideId "9915834"]
[BlackFideId "1145746"]
[EventDate "2022.11.10"]

1. d4 Nf6 2. Nc3 d5 3. Bf4 c5 4. e4 a6 5. e5 cxd4 6. Qxd4 Nc6 7. Qd3 Qc7 8. Nf3
e6 9. h3 Nd7 10. O-O-O Nc5 11. Qe3 Qa5 12. Kb1 Bd7 13. Nd4 Na4 14. Nxa4 Qxa4 15.
Nb3 Rc8 16. c3 Na5 17. Rd4 Nc4 18. Qf3 b5 19. Be2 b4 20. cxb4 Bxb4 21. Rhd1 O-O
22. Bh6 f5 23. Qg3 Rf7 24. Bh5 Rcf8 25. Bxf7+ Rxf7 26. Bc1 Bb5 27. Qg5 Ba5 28.
Nxa5 Qxa5 29. b3 Nxe5 30. Bb2 Nc6 31. R4d2 Qc7 32. Re1 Qd7 33. Qe3 Re7 34. Qc5
d4 35. a4 Bxa4 36. bxa4 Qb7 37. Qc4 Rc7 38. Qxe6+ 1-0

[Event "chess.com SpeedChess Q1Sw"]
[Site "chess.com INT"]
[Date "2022.11.10"]
[Round "7"]
[White "Predke, Alexandr"]
[Black "Sattarov, Bobir"]
[Result "0-1"]
[WhiteTitle "GM"]
[WhiteElo "2684"]
[BlackElo "2433"]
[WhiteFideId "24107581"]
[BlackFideId "14203081"]
[EventDate "2022.11.10"]

1. Nf3 Nf6 2. c4 e6 3. g3 d5 4. Bg2 d4 5. d3 c5 6. e4 Nc6 7. e5 Nd7 8. Qe2 Qc7
9. Bf4 Be7 10. h4 h6 11. Nbd2 b6 12. Ne4 Bb7 13. Nd6+ Bxd6 14. exd6 Qc8 15. a3
O-O 16. Ng5 e5 17. Bd2 Nf6 18. O-O-O Qd7 19. f4 Rfe8 20. f5 e4 21. Nxe4 Nxe4 22.
Bxe4 Qxd6 23. Qg2 Rac8 24. Bf4 Qd8 25. Rhe1 Ba8 26. Bd5 Na5 27. Rxe8+ Qxe8 28.
g4 Bxd5 29. cxd5 c4 30. dxc4 Nxc4 31. Kb1 Qa4 32. Rd3 Qb5 33. Rh3 d3 34. Rxd3
Nxb2 35. Rd4 Na4+ 36. Rb4 Qd3+ 37. Ka1 Qxa3+ 0-1

[Event "chess.com SpeedChess Q1Sw"]
[Site "chess.com INT"]
[Date "2022.11.10"]
[Round "7"]
[White "Danielyan, Vahe"]
[Black "Svane, Frederik"]
[Result "0-1"]
[WhiteTitle "IM"]
[BlackTitle "GM"]
[WhiteElo "2307"]
[BlackElo "2568"]
[WhiteFideId "13304828"]
[BlackFideId "12923044"]
[EventDate "2022.11.10"]

1. b3 a5 2. Bb2 a4 3. b4 e6 4. a3 Nf6 5. Nf3 c5 6. bxc5 Bxc5 7. e3 O-O 8. Be2 d5
9. O-O Nc6 10. d4 Be7 11. Nbd2 Bd7 12. c4 dxc4 13. Nxc4 Na5 14. Nfe5 Nxc4 15.
Bxc4 b5 16. Be2 Qb6 17. Nxd7 Nxd7 18. Bc3 Nf6 19. Qb1 Nd5 20. Bd2 Rfb8 21. Bd3
g6 22. e4 Nf6 23. Be3 b4 24. d5 Bc5 25. dxe6 Bxe3 26. exf7+ Kxf7 27. fxe3 Qxe3+
28. Kh1 bxa3 29. Qa2+ Kg7 30. Qxa3 Rf8 31. Rae1 Qa7 32. e5 Ng4 33. h3 Nf2+ 34.
Kh2 Qd4 35. Bb5 Ra5 36. e6 Rxb5 37. e7 Re8 38. Qf3 Qd6+ 39. g3 Rf5 40. Qc3+ Qf6
41. Qc4 Rxe7 42. Rxe7+ Qxe7 43. Kg2 Qe4+ 44. Qxe4 Nxe4 0-1

[Event "chess.com SpeedChess Q1Sw"]
[Site "chess.com INT"]
[Date "2022.11.10"]
[Round "7"]
[White "Xiong, Jeffery"]
[Black "Naroditsky, Daniel"]
[Result "1/2-1/2"]
[WhiteTitle "GM"]
[BlackTitle "GM"]
[WhiteElo "2692"]
[BlackElo "2617"]
[WhiteFideId "2047640"]
[BlackFideId "2026961"]
[EventDate "2022.11.10"]

1. e4 c6 2. Nf3 d5 3. d3 Qc7 4. Nbd2 e5 5. d4 exd4 6. exd5 Nf6 7. Nxd4 Nxd5 8.
Bc4 Be7 9. O-O O-O 10. Re1 Rd8 11. Qf3 Bf6 12. N2b3 Nd7 13. Bxd5 cxd5 14. Bf4
Qb6 15. Rad1 Nf8 16. Qg3 Bxd4 17. Nxd4 Qg6 18. Bc7 Qxg3 19. hxg3 Rd7 20. Bf4 Rd8
21. Bc7 Rd7 22. Ba5 b6 23. Bb4 Bb7 24. Bxf8 Kxf8 25. Re3 Re8 26. Rxe8+ Kxe8 27.
g4 Kd8 28. f3 h6 29. Kf2 Kc7 30. Re1 Kd8 31. Rh1 Ke7 32. Kg3 Kf6 33. Re1 Re7 34.
Rxe7 Kxe7 35. Kf4 Kf6 36. Nb5 a6 37. Nd4 g6 38. a4 Bc8 39. b4 a5 40. b5 Bd7 41.
Ne2 g5+ 42. Ke3 Ke5 43. c3 f5 44. gxf5 Bxf5 45. Nd4 Bb1 46. g4 Kd6 47. Kd2 Kc5
48. Ne6+ Kd6 49. Nd8 Ke7 50. Nc6+ Kd6 51. Nd8 Ke7 52. Nc6+ Kd6 53. Nd8 1/2-1/2

[Event "chess.com SpeedChess Q1Sw"]
[Site "chess.com INT"]
[Date "2022.11.10"]
[Round "7"]
[White "Bibilashvili, Lali"]
[Black "Szente Varga, Fruzsina"]
[Result "0-1"]
[WhiteTitle "WCM"]
[BlackTitle "WFM"]
[WhiteElo "1919"]
[BlackElo "2075"]
[WhiteFideId "13604236"]
[BlackFideId "712264"]
[EventDate "2022.11.10"]

1. c4 Nf6 2. g3 c6 3. Bg2 d5 4. cxd5 cxd5 5. Nf3 g6 6. O-O Bg7 7. d3 O-O 8. Nc3
Nc6 9. Bg5 Bg4 10. Rc1 Qd7 11. a3 Rfd8 12. Qb3 b6 13. Rfe1 Rac8 14. Na2 Na5 15.
Qb4 Bh3 16. Ne5 Qf5 17. Bxh3 Qxg5 18. Qxe7 Ne4 19. Qxf7+ Kh8 20. Nxg6+ hxg6 21.
Rxc8 Rxc8 22. Bxc8 Nd6 23. Qd7 Qd2 24. Rc1 Nf5 25. Qe8+ Kh7 26. Bxf5 gxf5 27.
Qh5+ Qh6 28. Qxf5+ Qg6 29. Qxd5 Bxb2 30. Rc6 Nxc6 31. Qd7+ Bg7 32. Qh3+ Kg8 33.
Qc8+ Bf8 34. Nc3 Qf6 35. Ne4 Qa1+ 36. Kg2 Ne5 37. Qe6+ Nf7 38. Nf6+ Kg7 39. Ne8+
Kg8 40. Qg4+ Bg7 41. Qc8 Kh7 42. Qf5+ Kg8 43. Qc8 Qe5 0-1

[Event "chess.com SpeedChess Q1Sw"]
[Site "chess.com INT"]
[Date "2022.11.10"]
[Round "7"]
[White "Paravyan, David"]
[Black "Mamedyarov, Shakhriyar"]
[Result "1/2-1/2"]
[WhiteTitle "GM"]
[BlackTitle "GM"]
[WhiteElo "2586"]
[BlackElo "2741"]
[WhiteFideId "4194985"]
[BlackFideId "13401319"]
[EventDate "2022.11.10"]

1. e4 e5 2. Nf3 Nc6 3. Nc3 Nf6 4. d4 Bb4 5. Nxe5 Bxc3+ 6. bxc3 Qe7 7. f3 Nxe5 8.
dxe5 Qxe5 9. Qd4 d6 10. a4 O-O 11. Qxe5 dxe5 12. Ba3 Re8 13. a5 Bd7 14. Bc4 Be6
15. Bb5 Bd7 16. Bd3 a6 17. Kf2 Bc6 18. Rhd1 Rad8 19. Ke3 Nd7 20. Bc4 Nf8 21.
Rab1 Ne6 22. Bxe6 fxe6 23. c4 Kf7 24. Bb2 Rxd1 25. Rxd1 Re7 26. Bxe5 Rd7 27.
Rxd7+ Bxd7 28. Bxc7 Ba4 29. Kd3 h5 30. g4 g6 31. h3 Kf6 32. Bd8+ Kf7 33. Bh4 Ke8
34. Bg5 Kf7 35. Bc1 Ke8 36. Bb2 Kf7 37. Bd4 Ke7 38. h4 Kf7 39. Kd2 Ke7 40. Be5
Kf7 41. Bc3 Ke7 42. Bd4 Kf7 43. Be5 Ke7 44. c3 Kf7 45. Ke3 Bd1 46. g5 Bb3 47.
Kd4 Bd1 48. f4 Ba4 49. Bc7 Bc6 50. Ke5 Ba4 51. f5 exf5 52. exf5 gxf5 53. Kxf5
Bd7+ 54. Ke5 Kg6 55. Bd8 Bc6 56. Bb6 Bh1 57. Bf2 Bc6 58. Ke6 Bh1 59. Ke5 Bc6 60.
Bd4 Bh1 61. Be3 Bc6 62. c5 Bh1 63. Bd4 Bc6 64. Be3 Bh1 65. Bf2 Bc6 66. Bg1 Bh1
67. Bd4 Bc6 68. Be3 1/2-1/2

[Event "chess.com SpeedChess Q1Sw"]
[Site "chess.com INT"]
[Date "2022.11.10"]
[Round "7"]
[White "Harsha, Bharathakoti"]
[Black "Lewtak, Damian"]
[Result "0-1"]
[WhiteTitle "GM"]
[BlackTitle "IM"]
[WhiteElo "2582"]
[BlackElo "2385"]
[WhiteFideId "5078776"]
[BlackFideId "1141724"]
[EventDate "2022.11.10"]

1. e4 c5 2. Nc3 d6 3. d4 cxd4 4. Qxd4 Nf6 5. Qd2 h5 6. b3 Nc6 7. Bb2 e6 8. O-O-O
a6 9. f4 Be7 10. Nf3 Qc7 11. Ng5 b5 12. g3 Bb7 13. Bh3 Ng4 14. Nf3 O-O-O 15.
Rhe1 Bf6 16. Kb1 Kb8 17. Bg2 b4 18. Na4 Bxb2 19. Nxb2 Nf6 20. Ng5 d5 21. e5 Ne4
22. Nxe4 dxe4 23. Qe3 Na7 24. a4 bxa3 25. Nc4 Nb5 26. Ka1 Rxd1+ 27. Rxd1 Rd8 28.
Re1 Bd5 29. Bf1 Bxc4 30. Bxc4 Qa5 31. b4 Qc7 32. Bb3 Qc3+ 33. Qxc3 Nxc3 34. Bc4
Ka7 35. h4 e3 36. Bd3 Nd5 37. Ka2 Nxb4+ 38. Kxa3 Nxd3 39. cxd3 Rxd3+ 40. Kb4 Kb6
41. Kc4 Ra3 42. Kd4 a5 43. Rb1+ Kc6 44. Rc1+ Kd7 45. Rb1 e2 46. Re1 Ra2 47. Rxe2
Rxe2 0-1

[Event "chess.com SpeedChess Q1Sw"]
[Site "chess.com INT"]
[Date "2022.11.10"]
[Round "7"]
[White "Petrosyan, Manuel"]
[Black "Vokhidov, Shamsiddin"]
[Result "0-1"]
[WhiteTitle "GM"]
[BlackTitle "GM"]
[WhiteElo "2621"]
[BlackElo "2568"]
[WhiteFideId "13300857"]
[BlackFideId "14204223"]
[EventDate "2022.11.10"]

1. d4 Nf6 2. Nf3 d5 3. Bf4 c5 4. e3 Nc6 5. Nbd2 Nh5 6. Be5 e6 7. c4 cxd4 8. cxd5
Qxd5 9. Bc4 Qd8 10. Bxd4 Nxd4 11. Nxd4 Nf6 12. Bb5+ Bd7 13. Qb3 Bc5 14. N2f3
Qa5+ 15. Ke2 Bxb5+ 16. Qxb5+ Qxb5+ 17. Nxb5 Ke7 18. Rac1 Rac8 19. Rc4 Bb6 20.
Rhc1 Rxc4 21. Rxc4 a6 22. Nc3 Nd7 23. Na4 Ba5 24. Nc3 g6 25. b4 b5 26. Rc6 Bxb4
27. Ne4 Ra8 28. Nd4 e5 29. Nb3 a5 30. Rc7 a4 31. Nbc5 Bxc5 32. Nxc5 Kd6 33.
Rxd7+ Kxc5 34. Rxf7 Kb4 35. Rxh7 Ka3 36. Rb7 b4 37. Kd3 Rd8+ 38. Kc4 Rc8+ 39.
Kd5 Rc2 40. Kxe5 Rxf2 41. h4 Rxa2 42. g4 b3 43. h5 gxh5 44. gxh5 Rh2 45. Kd4
Rxh5 46. e4 Kb2 47. e5 a3 48. e6 Rh8 49. Kc4 Rh4+ 50. Kd5 a2 51. e7 Rh8 0-1

[Event "chess.com SpeedChess Q1Sw"]
[Site "chess.com INT"]
[Date "2022.11.10"]
[Round "7"]
[White "Samaganova, Aleksandra"]
[Black "Gireman, Ja"]
[Result "1-0"]
[WhiteTitle "WFM"]
[BlackTitle "CM"]
[WhiteElo "1884"]
[BlackElo "2185"]
[WhiteFideId "13800221"]
[BlackFideId "5043794"]
[EventDate "2022.11.10"]

1. c4 Nf6 2. Nc3 g6 3. g3 Bg7 4. Bg2 O-O 5. e3 e5 6. Nge2 c5 7. O-O Nc6 8. d4
cxd4 9. exd4 d6 10. d5 Na5 11. b3 b6 12. h3 h5 13. Bg5 Bf5 14. Qd2 Qc8 15. Kh2
Nb7 16. f4 Nc5 17. fxe5 dxe5 18. Qe3 Nh7 19. Bh6 Re8 20. Bxg7 Kxg7 21. Rad1 Nf6
22. Rf2 h4 23. Rdf1 Rh8 24. Rxf5 gxf5 25. Qg5+ Kf8 26. Qxf6 Rh7 27. Rxf5 Qd8 28.
Qxe5 hxg3+ 29. Nxg3 Rg7 30. Nh5 Rg8 31. Qf4 Qe7 32. Nf6 Rg6 33. d6 Qe6 34. Bxa8
Nd3 35. Qf3 Qxd6+ 36. Kh1 Qd4 37. Nh7+ Kg8 38. Nf6+ Kf8 39. Nh7+ Kg8 40. Rg5 1-0

[Event "chess.com SpeedChess Q1Sw"]
[Site "chess.com INT"]
[Date "2022.11.10"]
[Round "7"]
[White "Chigaev, Maksim"]
[Black "Salem, A.R. Saleh"]
[Result "1-0"]
[WhiteTitle "GM"]
[BlackTitle "GM"]
[WhiteElo "2632"]
[BlackElo "2677"]
[WhiteFideId "4108116"]
[BlackFideId "9301348"]
[EventDate "2022.11.10"]

1. Nf3 Nf6 2. c4 g6 3. Nc3 Bg7 4. e4 d6 5. d4 O-O 6. Be2 e5 7. O-O Bg4 8. d5 a5
9. h3 Bxf3 10. Bxf3 Kh8 11. Be3 Nbd7 12. a3 Ng8 13. b4 f5 14. c5 f4 15. Bd2 dxc5
16. bxc5 Nxc5 17. Qc2 b6 18. Rab1 Rf6 19. Rfc1 Bf8 20. Nb5 Bd6 21. Bc3 h5 22. a4
Kh7 23. Na3 Qe7 24. Nc4 Nh6 25. Rb5 Nf7 26. Bb2 Ng5 27. Nxd6 Rxd6 28. Ba3 Nxf3+
29. gxf3 Qh4 30. Bxc5 bxc5 31. Kg2 Rd7 32. Rxc5 Ra7 33. Qc3 Qg5+ 34. Kh2 Rg7 35.
Rxa5 Qh4 36. Kg2 Qg5+ 37. Kf1 Rb7 38. Rb5 Ra7 39. a5 Qh4 40. Ke2 Qxh3 41. Qxe5
Qd7 42. Rbc5 Qa4 43. Kf1 Qa3 44. Rxc7 Qxf3 45. Qxg7# 1-0

[Event "chess.com SpeedChess Q1Sw"]
[Site "chess.com INT"]
[Date "2022.11.10"]
[Round "7"]
[White "Rostomyan, Mikayel"]
[Black "Vantika, Agrawal"]
[Result "0-1"]
[WhiteTitle "CM"]
[BlackTitle "WGM"]
[WhiteElo "2219"]
[BlackElo "2362"]
[WhiteFideId "13313754"]
[BlackFideId "25050389"]
[EventDate "2022.11.10"]

1. d4 Nf6 2. c4 g6 3. g3 Bg7 4. Bg2 O-O 5. Nf3 d6 6. O-O c5 7. Nc3 Nc6 8. d5 Na5
9. Nd2 e6 10. Qc2 Re8 11. e4 exd5 12. cxd5 a6 13. a3 c4 14. b4 cxb3 15. Nxb3 Nc4
16. Re1 Bd7 17. Bf4 Rc8 18. Qe2 Nh5 19. Rac1 Nxf4 20. gxf4 Nxa3 21. e5 dxe5 22.
Ne4 Rxc1 23. Nxc1 exf4 24. Qd2 f5 25. Nc5 Nc4 26. Rxe8+ Qxe8 27. Qb4 b5 28. N1d3
Bf8 29. Qb1 Nd2 30. Qd1 Ne4 31. Nxd7 Qxd7 32. Nxf4 Bc5 33. Bxe4 fxe4 34. Ne6 Bd6
35. Qg4 b4 36. Qxe4 b3 37. Qd4 Qb7 38. Qb2 Be5 39. Qxe5 b2 40. Kg2 b1=Q 41. Ng5
Qf5 42. Qe8+ Qf8 43. Qe6+ Kh8 44. Qe5+ Qbg7 45. Qxg7+ Qxg7 0-1

[Event "chess.com SpeedChess Q1Sw"]
[Site "chess.com INT"]
[Date "2022.11.10"]
[Round "7"]
[White "Durarbayli, Vasif"]
[Black "Bluebaum, Matthias"]
[Result "0-1"]
[WhiteTitle "GM"]
[BlackTitle "GM"]
[WhiteElo "2612"]
[BlackElo "2651"]
[WhiteFideId "13402935"]
[BlackFideId "24651516"]
[EventDate "2022.11.10"]

1. e4 e6 2. d4 d5 3. e5 c5 4. c3 Nc6 5. Nf3 Nge7 6. dxc5 Ng6 7. b4 Ngxe5 8. Nxe5
Nxe5 9. Be2 Be7 10. O-O O-O 11. Nd2 b6 12. cxb6 axb6 13. Bb2 Bb7 14. a3 Bf6 15.
Qb3 Ng6 16. Rfd1 Qc7 17. c4 dxc4 18. Bxc4 Bxb2 19. Qxb2 Ne5 20. Bf1 Ng4 21. g3
Qc6 22. f3 Ne3 23. Re1 Nxf1 24. Rxf1 Rfd8 25. Rac1 Qb5 26. Nc4 Rac8 27. Ne3 Qd3
28. Ng4 Bxf3 29. Nf2 Qe3 30. Rce1 Qd4 31. Qxd4 Rxd4 32. Re3 Bd5 33. Ra1 h5 34.
Rd3 Rdc4 35. Kf1 Rc2 36. Ke1 g5 37. Rd2 R2c4 38. Rb2 Kg7 39. a4 Rc1+ 40. Rxc1
Rxc1+ 41. Kd2 Ra1 42. a5 bxa5 43. bxa5 Rxa5 44. Nd3 Ra2 45. Rxa2 Bxa2 46. Ke3 f6
47. Nb4 Bb3 48. Na6 e5 49. Nc5 Bd5 50. Nd3 Kf7 51. h4 gxh4 52. gxh4 Ke6 53. Nb4
Bb7 54. Kf2 Kf5 55. Kg3 Ke4 56. Kf2 f5 57. Nc2 f4 58. Nb4 Kf5 59. Nd3 e4 60. Nc5
e3+ 0-1